| 000 | 01376cam a2200385 i 4500 | ||
|---|---|---|---|
| 001 | 768714001 | ||
| 003 | CO-MdFUSB | ||
| 005 | 20220531120551.0 | ||
| 007 | ta | ||
| 008 | 031125t2003 mnu b 001 0 eng d | ||
| 020 | _a0800695305 | ||
| 040 |
_aJET _cCO-MdFUSB _dONU _dUKM _dOCLCQ _dUtOrBLW _bspa _erda |
||
| 041 | 1 |
_aeng _hger |
|
| 082 |
_223 _a222.507 _bF919 |
||
| 090 | _aBS494.2 | ||
| 100 | 1 |
_aFritz, Volkmar. _eautor |
|
| 240 | 1 | 0 | _aErste Buch Könige. |
| 245 | 1 | 0 |
_a1 & 2 Kings _c/ Volkmar Fritz ; traducido por Anselm Hagedorn. |
| 250 | _aprimera edición en lenguaje inglés | ||
| 264 | 1 |
_aMinneapolis, MN : _bFortress, _c[2003] |
|
| 264 | 4 | _c© 2003 | |
| 300 |
_axiv, 448 pages ; _c25 cm. |
||
| 336 |
_atexto _btxt _2rdacontent. |
||
| 337 |
_asin mediación _bn _2rdamedia. |
||
| 338 |
_avolumen _bnc _2rdacarrier. |
||
| 490 | _aA Continental Commentary | ||
| 504 | _aIncluye referencias bibliográficas (páginas 427-435) e índices. | ||
| 505 | _aIntroducción -- 1 Reyes 1-11 El Reino de Salomón -- 1 Reyes 12-2 Reyes 17 La monarquía dividida de Israel y Judá --2 Reyes 18-25 -- El Reino de Judá después de la destrucción de Israel. | ||
| 563 | _aPasta dura | ||
| 630 | 7 |
_aBiblia. _pReyes _xCrítica, interpretación, etc. |
|
| 942 | _cBK | ||
| 945 | _aJTF-925 | ||
| 999 |
_c67844 _d67844 |
||